[Event "Steyr Landesliga 1415"]
[Site "Austria"]
[Date "2014.09.27"]
[Round "1.5"]
[White "Stagl, Marco"]
[Black "Kainrath, Florian"]
[Result "1-0"]
[WhiteElo "2132"]
[BlackElo "2114"]
[PlyCount "31"]
[EventDate "2014.09.27"]
[EventType "team-tourn"]
[EventRounds "11"]
[EventCountry "AUT"]
[SourceTitle "EXT 2016"]
[Source "ChessBase"]
[SourceDate "2015.10.08"]
[SourceVersion "1"]
[SourceVersionDate "2015.10.08"]
[SourceQuality "1"]
[WhiteTeam "Graz Styria"]
[BlackTeam "Graz Schachfreunde"]
[WhiteTeamCountry "AUT"]
[BlackTeamCountry "AUT"]

1. d4 Nf6 2. c4 e6 3. Nf3 d5 4. Bg5 Be7 5. e3 0-0 6. Nc3 Nbd7 7. Bd3 Re8 8. Rc1 Nf8 9. 0-0 Ng6 10. Ne5 Nxe5 11. dxe5 Nd7 12. Bxe7 Qxe7 13. cxd5 Nxe5 14. Bxh7+ Kf8 15. Qh5 exd5 16. Be4 1-0

[Event "Steyr Landesliga 1314"]
[Site "Austria"]
[Date "2013.12.07"]
[Round "5.5"]
[White "Kainrath, Florian"]
[Black "Handler, Franz"]
[Result "1-0"]
[WhiteElo "2137"]
[BlackElo "1888"]
[PlyCount "43"]
[EventDate "2013.09.28"]
[EventType "team-tourn"]
[EventRounds "11"]
[EventCountry "AUT"]
[SourceTitle "EXT 2015"]
[Source "ChessBase"]
[SourceDate "2014.11.20"]
[SourceVersion "1"]
[SourceVersionDate "2014.11.20"]
[SourceQuality "1"]
[WhiteTeam "Graz Schachfreunde"]
[BlackTeam "Hartberg"]
[WhiteTeamCountry "AUT"]
[BlackTeamCountry "AUT"]

1. e4 c6 2. d4 d5 3. e5 c5 4. c3 Nc6 5. h3 cxd4 6. cxd4 Qb6 7. Nf3 Bf5 8. Be2 e6 9. 0-0 Nge7 10. Nc3 a6 11. Na4 Qa7 12. Be3 Bg6 13. Rc1 Nf5 14. Qb3 Be7 15. Nc5 Bxc5 16. Rxc5 0-0 17. Rfc1 Rac8 18. g4 Ncxd4 19. Rxc8 Nxe2+ 20. Kh1 Nxc1 21. Rxf8+ Kxf8 22. Qa3+ 1-0

[Event "Steyr Landesliga 1213"]
[Site "Austria"]
[Date "2013.04.27"]
[Round "10.4"]
[White "Kainrath, Florian"]
[Black "Wurm, Christoph"]
[Result "1/2-1/2"]
[WhiteElo "2156"]
[BlackElo "2089"]
[PlyCount "83"]
[EventDate "2012.09.22"]
[EventType "team-tourn"]
[EventRounds "11"]
[EventCountry "AUT"]
[SourceTitle "EXT 2014"]
[Source "ChessBase"]
[SourceDate "2013.11.20"]
[SourceVersion "1"]
[SourceVersionDate "2013.11.20"]
[SourceQuality "1"]
[WhiteTeam "Graz Schachfreunde"]
[BlackTeam "Leoben"]
[WhiteTeamCountry "AUT"]
[BlackTeamCountry "AUT"]

1. e4 c5 2. d4 cxd4 3. c3 d3 4. Bxd3 Nc6 5. c4 d6 6. Nc3 g6 7. h3 Bg7 8. Nf3 Nf6 9. 0-0 0-0 10. Bg5 Bd7 11. Rc1 a6 12. Re1 Rb8 13. Qd2 Re8 14. c5 Ne5 15. Nxe5 dxe5 16. Nd5 Bc6 17. Nb6 Qc7 18. Qe2 Rbd8 19. Rcd1 Nd7 20. Nxd7 Rxd7 21. Bc4 Rxd1 22. Rxd1 Rd8 23. Rxd8+ Qxd8 24. Qd3 Qxd3 25. Bxd3 Kf8 26. Kf1 Bf6 27. Bd2 Bb5 28. Ke2 Ke8 29. Bc3 Kd7 30. Kd2 Kc6 31. b4 a5 32. a3 axb4 33. axb4 Bxd3 34. Kxd3 Kb5 35. f3 h5 36. g3 Bg7 37. f4 f6 38. f5 gxf5 39. exf5 Bh6 40. g4 hxg4 41. hxg4 Bg5 42. Be1 1/2-1/2

[Event "Steyr Landesliga 1213"]
[Site "Austria"]
[Date "2013.03.02"]
[Round "7.7"]
[White "Kainrath, Florian"]
[Black "Voelkl, Georg"]
[Result "1/2-1/2"]
[WhiteElo "2156"]
[BlackElo "1791"]
[PlyCount "103"]
[EventDate "2012.09.22"]
[EventType "team-tourn"]
[EventRounds "11"]
[EventCountry "AUT"]
[SourceTitle "EXT 2014"]
[Source "ChessBase"]
[SourceDate "2013.11.20"]
[SourceVersion "1"]
[SourceVersionDate "2013.11.20"]
[SourceQuality "1"]
[WhiteTeam "Graz Schachfreunde"]
[BlackTeam "Trofaiach Niklasdorf"]
[WhiteTeamCountry "AUT"]
[BlackTeamCountry "AUT"]

1. e4 c6 2. d4 d5 3. e5 Bf5 4. Nc3 e6 5. g4 Bg6 6. Nge2 Be7 7. Be3 Nd7 8. Qd2 Qa5 9. 0-0-0 0-0-0 10. Kb1 Kb8 11. f4 h5 12. f5 exf5 13. g5 Nb6 14. Nc1 Bb4 15. Nb3 Qa4 16. Bf4 Bxc3 17. Qxc3 Nc4 18. Bxc4 Qxc4 19. Qxc4 dxc4 20. Na5 Ne7 21. Nxc4 Nd5 22. Rhf1 h4 23. Rde1 Ka8 24. h3 Rh5 25. Bc1 f4 26. Bxf4 Nb4 27. Ne3 Rxd4 28. a3 Nd5 29. Nxd5 Rxd5 30. e6 Rh8 31. exf7 Bxf7 32. Bc1 Bg6 33. Re7 Bf5 34. Rf4 g6 35. Rxh4 Rhd8 36. Rhh7 R5d7 37. Rxd7 Bxd7 38. h4 Bg4 39. Rg7 Bh5 40. Be3 Re8 41. Kc1 b6 42. Kd2 Re4 43. b3 Rxh4 44. a4 c5 45. a5 Kb8 46. a6 Re4 47. Kd3 Re8 48. Bf4+ Ka8 49. Be5 Bg4 50. c3 Bf5+ 51. Kc4 Rd8 52. Kb5 1/2-1/2

[Event "Steyr Landesliga 1213"]
[Site "Austria"]
[Date "2012.12.01"]
[Round "5.7"]
[White "Kainrath, Florian"]
[Black "Kiss, Balint"]
[Result "1/2-1/2"]
[WhiteElo "2156"]
[BlackElo "1862"]
[PlyCount "88"]
[EventDate "2012.09.22"]
[EventType "team-tourn"]
[EventRounds "11"]
[EventCountry "AUT"]
[SourceTitle "EXT 2014"]
[Source "ChessBase"]
[SourceDate "2013.11.20"]
[SourceVersion "1"]
[SourceVersionDate "2013.11.20"]
[SourceQuality "1"]
[WhiteTeam "Graz Schachfreunde"]
[BlackTeam "Hartberg"]
[WhiteTeamCountry "AUT"]
[BlackTeamCountry "AUT"]

1. e4 e5 2. Nc3 Nf6 3. Nf3 Nc6 4. d4 exd4 5. Nd5 Nxd5 6. exd5 Nb4 7. Bc4 Qe7+ 8. Kd2 Qf6 9. Re1+ Be7 10. Qe2 c6 11. Kd1 h6 12. d6 Qxd6 13. Bf4 Qc5 14. a3 Nxc2 15. Qxc2 d5 16. Bd3 Qxc2+ 17. Kxc2 c5 18. Bb5+ Kd8 19. Ne5 Rf8 20. Rad1 a6 21. Be2 Bf5+ 22. Kc1 g5 23. Bg3 f6 24. Nf3 Be4 25. Bd3 f5 26. Be5 Re8 27. Bxe4 fxe4 28. Nxd4 cxd4 29. Rxd4 Kd7 30. Rexe4 Kc6 31. Re2 Bc5 32. Rd3 Re6 33. b4 Rae8 34. Rc2 Rxe5 35. Rxc5+ Kd6 36. Rf3 Re1+ 37. Kb2 R8e2+ 38. Rc2 Ke5 39. Rxe2+ Rxe2+ 40. Kc3 d4+ 41. Kb3 Ke4 42. Rf7 Kd3 43. Rf3+ Ke4 44. Rf7 Kd3 1/2-1/2

[Event "Steyr Landesliga 1112"]
[Site "Austria"]
[Date "2012.02.04"]
[Round "8.7"]
[White "Kainrath, Florian"]
[Black "Dobay, Klaus"]
[Result "0-1"]
[WhiteElo "2140"]
[BlackElo "2069"]
[PlyCount "76"]
[EventDate "2011.09.24"]
[EventType "team-tourn"]
[EventRounds "11"]
[EventCountry "AUT"]
[SourceTitle "EXT 2013"]
[Source "ChessBase"]
[SourceDate "2012.11.22"]
[SourceVersion "1"]
[SourceVersionDate "2012.11.22"]
[SourceQuality "1"]
[WhiteTeam "Graz Schachfreunde"]
[BlackTeam "Graz Austria"]
[WhiteTeamCountry "AUT"]
[BlackTeamCountry "AUT"]

1. e4 c6 2. d4 d5 3. e5 Bf5 4. Nc3 e6 5. g4 Bg6 6. Nge2 Bb4 7. Bd2 Nd7 8. a3 Bxc3 9. Bxc3 c5 10. Qd2 Qc7 11. f4 Ne7 12. 0-0-0 Rc8 13. f5 exf5 14. Nf4 0-0 15. g5 cxd4 16. Bxd4 Nc6 17. Nxd5 Qd8 18. Nf4 Nxd4 19. Qxd4 Qc7 20. Rd2 Nc5 21. Kb1 Ne4 22. Rg2 Rfd8 23. Nd5 Qd7 24. c4 b5 25. Bd3 bxc4 26. Bxc4 Rxc4 27. Qxc4 Qxd5 28. Qxd5 Rxd5 29. Rc1 h6 30. gxh6 Rxe5 31. h4 f4 32. Ka2 f3 33. Rg4 gxh6 34. h5 Rxh5 35. Rf4 f2 36. Rf1 Rg5 37. b4 h5 38. Kb2 Rg4 0-1

[Event "Graz op"]
[Site "Graz"]
[Date "2006.09.20"]
[Round "5"]
[White "Huber, Adolf"]
[Black "Kainrath, Florian"]
[Result "1/2-1/2"]
[WhiteElo "2058"]
[BlackElo "2080"]
[PlyCount "120"]
[EventDate "2006.09.16"]
[EventType "swiss"]
[EventRounds "9"]
[EventCountry "AUT"]
[SourceTitle "CBM 114 Extra"]
[Source "ChessBase"]
[SourceDate "2006.11.03"]
[SourceVersion "1"]
[SourceVersionDate "2006.11.03"]
[SourceQuality "1"]

1. e4 c5 2. Nf3 Nc6 3. d4 cxd4 4. Nxd4 Nf6 5. Nc3 e5 6. Ndb5 d6 7. Bg5 a6 8. Na3 Be6 9. Be2 b5 10. Nd5 Bxd5 11. exd5 Ne7 12. c4 Ne4 13. Bxe7 Qa5+ 14. Kf1 Bxe7 15. Qe1 Qxe1+ 16. Rxe1 b4 17. Nb1 0-0 18. Bd1 Nc5 19. g3 f5 20. Bc2 g6 21. Nd2 a5 22. Nb3 Rfc8 23. Nxc5 Rxc5 24. b3 a4 25. h4 Bf6 26. Kg2 axb3 27. Bxb3 Rca5 28. Re2 Bd8 29. f3 Bb6 30. h5 g5 31. g4 fxg4 32. fxg4 Rf8 33. Rf1 Rxf1 34. Kxf1 Ra8 35. Bc2 Ra3 36. Bb3 Kg7 37. Kg2 Ra8 38. Re1 Rf8 39. Rf1 Rf4 40. Rxf4 gxf4 41. Kf3 Kf6 42. Bc2 h6 43. Bf5 Kg5 44. Bd3 Kh4 45. Bf1 Bd8 46. Be2 Bg5 47. Bd3 Kh3 48. Bc2 Kh2 49. Be4 Be7 50. Bd3 Kg1 51. Be2 Bf6 52. Bd3 Bg5 53. Be2 Bd8 54. Bd3 Bh4 55. Be2 Bg5 56. Bd3 e4+ 57. Bxe4 Kf1 58. Bc2 Ke1 59. Bb3 Kd2 60. Kf2 Kd3 1/2-1/2

[Event "Graz op"]
[Site "Graz"]
[Date "2006.09.16"]
[Round "1"]
[White "Aschenbrenner, Robert"]
[Black "Kainrath, Florian"]
[Result "1-0"]
[WhiteElo "2280"]
[BlackElo "2080"]
[PlyCount "65"]
[EventDate "2006.09.16"]
[EventType "swiss"]
[EventRounds "9"]
[EventCountry "AUT"]
[SourceTitle "CBM 114 Extra"]
[Source "ChessBase"]
[SourceDate "2006.11.03"]
[SourceVersion "1"]
[SourceVersionDate "2006.11.03"]
[SourceQuality "1"]

1. c4 Nf6 2. g3 g6 3. Bg2 Bg7 4. Nc3 c5 5. e3 0-0 6. Nge2 d6 7. 0-0 Nc6 8. b3 Bf5 9. d4 Qc8 10. Re1 e5 11. dxc5 dxc5 12. Ba3 Rd8 13. Nd5 Nxd5 14. cxd5 e4 15. Rc1 Ne5 16. Rxc5 Qd7 17. Nc3 b6 18. Rb5 Nf3+ 19. Bxf3 Bxc3 20. Be2 Bxe1 21. Qxe1 a6 22. Bb2 Rac8 23. Rxb6 Qxd5 24. Bd4 Rc2 25. g4 Be6 26. h3 Rdc8 27. Bc4 R2xc4 28. bxc4 Qxc4 29. Qa5 Qc1+ 30. Kg2 Qd1 31. Rb2 Qf3+ 32. Kh2 f6 33. Qe1 1-0

[Event "Graz op"]
[Site "Graz"]
[Date "2005.09.07"]
[Round "5"]
[White "Pesorda, Ivan"]
[Black "Kainrath, Florian"]
[Result "1-0"]
[WhiteElo "2297"]
[BlackElo "2084"]
[PlyCount "59"]
[EventDate "2005.09.03"]
[EventType "swiss"]
[EventRounds "9"]
[EventCountry "AUT"]
[SourceTitle "EXT 2007"]
[Source "ChessBase"]
[SourceDate "2006.11.23"]
[SourceVersion "1"]
[SourceVersionDate "2006.11.23"]
[SourceQuality "1"]

1. d4 Nf6 2. c4 d6 3. Nc3 Nbd7 4. e4 e5 5. Nf3 c6 6. Be2 g6 7. 0-0 Bg7 8. Be3 0-0 9. Rb1 Qe7 10. d5 c5 11. Ne1 Ne8 12. Nd3 f5 13. exf5 gxf5 14. f4 Ndf6 15. fxe5 Nd7 16. e6 Ne5 17. Nf4 Nf6 18. h3 b6 19. Qc2 Ba6 20. b3 Kh8 21. Nd3 Ne8 22. Rbc1 Qh4 23. Nxe5 Bxe5 24. Rxf5 Ng7 25. Rxf8+ Rxf8 26. Ne4 Nf5 27. Bg5 Bd4+ 28. Kh2 Be5+ 29. Kh1 Ng3+ 30. Kg1 1-0

[Event "Graz op-A"]
[Site "Graz"]
[Date "2004.09.12"]
[Round "9"]
[White "Kainrath, Florian"]
[Black "Bregler, Herbert"]
[Result "1-0"]
[WhiteElo "2094"]
[BlackElo "2060"]
[PlyCount "53"]
[EventDate "2004.09.04"]
[EventType "swiss"]
[EventRounds "9"]
[EventCountry "AUT"]
[SourceTitle "EXT 2006"]
[Source "ChessBase"]
[SourceDate "2005.11.24"]
[SourceVersion "1"]
[SourceVersionDate "2005.11.24"]
[SourceQuality "1"]

1. e4 c5 2. d4 cxd4 3. c3 dxc3 4. Nxc3 Nc6 5. Nf3 d6 6. Bc4 Nf6 7. e5 dxe5 8. Qxd8+ Kxd8 9. Ng5 Kc7 10. Nxf7 Rg8 11. Nxe5 e6 12. Nxc6 bxc6 13. 0-0 Nd5 14. Bd2 Bd7 15. Rac1 Kb7 16. Ne4 h6 17. Bb3 Be7 18. Nc5+ Bxc5 19. Rxc5 g5 20. Rfc1 Rgf8 21. Bd1 Rf7 22. Bh5 Rf5 23. Bg4 Rf6 24. Bc3 Rf4 25. h3 Raf8 26. Be5 Rxf2 27. Rxd5 1-0

[Event "Graz op-A"]
[Site "Graz"]
[Date "2004.09.09"]
[Round "6"]
[White "Polansek, Justin"]
[Black "Kainrath, Florian"]
[Result "1/2-1/2"]
[WhiteElo "2018"]
[BlackElo "2094"]
[PlyCount "54"]
[EventDate "2004.09.04"]
[EventType "swiss"]
[EventRounds "9"]
[EventCountry "AUT"]
[SourceTitle "EXT 2006"]
[Source "ChessBase"]
[SourceDate "2005.11.24"]
[SourceVersion "1"]
[SourceVersionDate "2005.11.24"]
[SourceQuality "1"]

1. e4 c5 2. c3 d5 3. exd5 Qxd5 4. d4 cxd4 5. Nf3 Nc6 6. cxd4 e5 7. dxe5 Qxd1+ 8. Kxd1 Bg4 9. Bb5 Bc5 10. Bxc6+ bxc6 11. Ke2 f6 12. exf6 Nxf6 13. Be3 Bxe3 14. fxe3 Rb8 15. b3 Nd5 16. Nbd2 0-0 17. h3 Bf5 18. g4 Nc3+ 19. Ke1 Bg6 20. Ne5 Rbe8 21. Ndc4 Be4 22. Rh2 Re6 23. Nd7 Rf7 24. Nc5 Ref6 25. Kd2 Nb1+ 26. Ke2 Nc3+ 27. Kd2 Nb1+ 1/2-1/2

[Event "Graz op-A"]
[Site "Graz"]
[Date "2004.09.04"]
[Round "1"]
[White "Kainrath, Florian"]
[Black "Zakharchenko, Arnold"]
[Result "0-1"]
[WhiteElo "2094"]
[BlackElo "2339"]
[PlyCount "50"]
[EventDate "2004.09.04"]
[EventType "swiss"]
[EventRounds "9"]
[EventCountry "AUT"]
[SourceTitle "EXT 2006"]
[Source "ChessBase"]
[SourceDate "2005.11.24"]
[SourceVersion "1"]
[SourceVersionDate "2005.11.24"]
[SourceQuality "1"]

1. e4 c5 2. d4 cxd4 3. c3 dxc3 4. Nxc3 Nc6 5. Nf3 g6 6. Bc4 Bg7 7. e5 d6 8. Qb3 e6 9. Bg5 Nge7 10. exd6 Qxd6 11. Ne4 Qc7 12. Nf6+ Kf8 13. 0-0 h6 14. Bh4 Nf5 15. Qa3+ Qd6 16. Qxd6+ Nxd6 17. Bd3 Nf5 18. Bxf5 exf5 19. Rfe1 Be6 20. Rad1 g5 21. Nd7+ Kg8 22. Bxg5 hxg5 23. Nxg5 Bd4 24. Nxe6 fxe6 25. Rxe6 Kf7 0-1

[Event "Graz op"]
[Site "Graz"]
[Date "2002.??.??"]
[Round "7"]
[White "Kainrath, Florian"]
[Black "Huber, Adolf"]
[Result "0-1"]
[WhiteElo "2129"]
[BlackElo "2047"]
[PlyCount "58"]
[EventDate "2002.??.??"]
[EventType "swiss"]
[EventRounds "9"]
[EventCountry "AUT"]
[SourceTitle "EXT 2003"]
[Source "ChessBase"]
[SourceDate "2002.11.25"]
[SourceVersion "1"]
[SourceVersionDate "2002.11.25"]
[SourceQuality "1"]

1. e4 c5 2. d4 cxd4 3. c3 d3 4. Bxd3 d6 5. c4 Nc6 6. Nc3 Nf6 7. h3 e6 8. Nf3 Be7 9. 0-0 0-0 10. Bg5 Bd7 11. Qd2 Ne5 12. Be2 Bc6 13. Qd4 h6 14. Be3 Ng6 15. Rfd1 e5 16. Qd3 Nh5 17. Qc2 Qc7 18. Nxe5 Nxe5 19. Bxh5 Nxc4 20. Bf4 Qb6 21. Nd5 Bxd5 22. exd5 Rac8 23. Rac1 Qxb2 24. Qf5 Qf6 25. Qxf6 Bxf6 26. Bg4 Nb2 27. Bxc8 Nxd1 28. Bxb7 Nc3 29. Bxd6 Ne2+ 0-1

[Event "Graz op"]
[Site "Graz"]
[Date "2002.??.??"]
[Round "1"]
[White "Kainrath, Florian"]
[Black "Moser, Eva"]
[Result "0-1"]
[WhiteElo "2129"]
[BlackElo "2339"]
[PlyCount "58"]
[EventDate "2002.??.??"]
[EventType "swiss"]
[EventRounds "9"]
[EventCountry "AUT"]
[SourceTitle "EXT 2003"]
[Source "ChessBase"]
[SourceDate "2002.11.25"]
[SourceVersion "1"]
[SourceVersionDate "2002.11.25"]
[SourceQuality "1"]

1. e4 c5 2. d4 cxd4 3. c3 g6 4. Bc4 Bg7 5. Qb3 e6 6. Bf4 Nc6 7. Nf3 Na5 8. Qa4 Nxc4 9. Qxc4 d6 10. cxd4 Nf6 11. Nbd2 0-0 12. Rc1 Nxe4 13. Nxe4 d5 14. Qc7 dxe4 15. Ne5 g5 16. Be3 f6 17. Qxd8 Rxd8 18. Nc4 h6 19. h4 Bd7 20. hxg5 hxg5 21. 0-0 Bb5 22. Rc2 f5 23. Bxg5 Rxd4 24. Rfc1 Rc8 25. Ne3 Rxc2 26. Rxc2 Bc6 27. g4 Kh7 28. gxf5 exf5 29. Nxf5 Rd5 0-1

[Event "Graz op"]
[Site "Graz"]
[Date "2002.??.??"]
[Round "9"]
[White "Kainrath, Florian"]
[Black "Schriebl, Alexander"]
[Result "1-0"]
[WhiteElo "2129"]
[BlackElo "2087"]
[PlyCount "87"]
[EventDate "2002.??.??"]
[EventType "swiss"]
[EventRounds "9"]
[EventCountry "AUT"]
[SourceTitle "EXT 2003"]
[Source "ChessBase"]
[SourceDate "2002.11.25"]
[SourceVersion "1"]
[SourceVersionDate "2002.11.25"]
[SourceQuality "1"]

1. e4 d6 2. d4 Nf6 3. Nc3 g6 4. f4 Bg7 5. Nf3 0-0 6. Bd3 Nc6 7. 0-0 Bg4 8. Ne2 Nb4 9. h3 Nxd3 10. Qxd3 Bd7 11. Ng3 Qc8 12. c4 b5 13. cxb5 Qb8 14. a4 a6 15. b4 axb5 16. a5 c5 17. Bd2 c4 18. Qe2 Qa7 19. Kh2 Qc7 20. Bc3 e6 21. Rae1 Rae8 22. Nd2 Re7 23. Nh1 e5 24. fxe5 dxe5 25. d5 Nh5 26. g3 Qc8 27. Nf2 f5 28. exf5 Bxf5 29. Nde4 Qd8 30. Rd1 Ref7 31. Nc5 Qd6 32. Ne6 Bxe6 33. Ne4 Qe7 34. dxe6 Rxf1 35. Rxf1 Rxf1 36. Qxf1 Qxe6 37. Ng5 Qd7 38. Qf3 Bf6 39. Ne4 Bg7 40. Nc5 Qe7 41. Qd5+ Kh8 42. Qa8+ Qf8 43. Qxf8+ Bxf8 44. a6 1-0

[Event "Graz op"]
[Site "Graz"]
[Date "2001.??.??"]
[Round "5"]
[White "Kainrath, Florian"]
[Black "Babula, Vlastimil"]
[Result "0-1"]
[WhiteElo "2128"]
[BlackElo "2566"]
[PlyCount "78"]
[EventDate "2001.09.??"]
[EventType "swiss"]
[EventRounds "9"]
[EventCountry "AUT"]
[SourceTitle "EXT 2002"]
[Source "ChessBase"]
[SourceDate "2001.11.25"]
[SourceVersion "1"]
[SourceVersionDate "2001.11.25"]
[SourceQuality "1"]

1. e4 c5 2. d4 cxd4 3. c3 dxc3 4. Nxc3 Nc6 5. Nf3 e6 6. Bc4 a6 7. Qe2 Nge7 8. Bg5 f6 9. Be3 Ng6 10. Bb3 b5 11. 0-0 Na5 12. Nd4 Nxb3 13. Nxb3 Be7 14. Qh5 Qc7 15. f4 b4 16. Na4 Qc6 17. Nac5 d6 18. f5 dxc5 19. fxg6 Qxe4 20. gxh7+ g6 21. Qh3 e5 22. Qg3 c4 23. Nc5 Qg4 24. Qe1 Rxh7 25. Qxb4 Qh4 26. Qa4+ Kf7 27. Qc6 Qxh2+ 28. Kf2 Qh4+ 29. Kg1 Rb8 30. b3 Qh2+ 31. Kf2 Qh4+ 32. Kg1 Bf5 33. Qd5+ Kg7 34. Ne6+ Kh8 35. Ng5 Qh2+ 36. Kf2 fxg5 37. Rh1 Rf8 38. Ke2 Bg4+ 39. Kd2 Bb4+ 0-1

[Event "Graz op"]
[Site "Graz"]
[Date "2001.??.??"]
[Round "7"]
[White "Kainrath, Florian"]
[Black "Niklasch, Oliver"]
[Result "0-1"]
[WhiteElo "2128"]
[BlackElo "2349"]
[PlyCount "128"]
[EventDate "2001.09.??"]
[EventType "swiss"]
[EventRounds "9"]
[EventCountry "AUT"]
[SourceTitle "EXT 2002"]
[Source "ChessBase"]
[SourceDate "2001.11.25"]
[SourceVersion "1"]
[SourceVersionDate "2001.11.25"]
[SourceQuality "1"]

1. e4 c5 2. Nf3 e6 3. d4 cxd4 4. c3 Nf6 5. e5 Nd5 6. cxd4 d6 7. Nc3 Nxc3 8. bxc3 Qc7 9. Qb3 Nd7 10. exd6 Bxd6 11. Ba3 0-0 12. Bd3 Bxa3 13. Qxa3 b6 14. Be4 Rb8 15. 0-0 Nf6 16. Bd3 Bb7 17. Ne5 Nd5 18. f4 f6 19. c4 Ne3 20. Bxh7+ Kxh7 21. Qxe3 fxe5 22. Qh3+ Kg8 23. Qxe6+ Qf7 24. Qxf7+ Rxf7 25. fxe5 Rxf1+ 26. Rxf1 Ba6 27. Rc1 Rc8 28. c5 Kf7 29. Rc3 bxc5 30. dxc5 Ke6 31. Rg3 Kf7 32. Rf3+ Kg8 33. Ra3 Rc6 34. Kf2 Bc4 35. Ke3 Rxc5 36. Kd4 Rc8 37. Rxa7 Be6 38. Ra6 Kf7 39. Ra7+ Kf8 40. Ra6 Ke7 41. Ra7+ Bd7 42. g4 Rc2 43. h4 Rg2 44. Kd5 Rd2+ 45. Ke4 Kf8 46. Ra8+ Kf7 47. Ra7 Kg8 48. Kf4 Be6 49. Ra4 Bxa2 50. Kg5 Be6 51. Ra6 Kf7 52. Ra4 Rg2 53. Rf4+ Ke7 54. Kg6 Bxg4 55. Kxg7 Bf5+ 56. Kh6 Rg6+ 57. Kh5 Ke6 58. Ra4 Rg8 59. Ra5 Bd3 60. Kh6 Rg6+ 61. Kh5 Kf5 62. e6+ Kf6 63. Ra2 Bf5 64. Rf2 Rg8 0-1

[Event "Graz op"]
[Site "Graz"]
[Date "2001.??.??"]
[Round "9"]
[White "Kainrath, Florian"]
[Black "Valent, Peter"]
[Result "0-1"]
[WhiteElo "2128"]
[BlackElo "2058"]
[PlyCount "38"]
[EventDate "2001.09.??"]
[EventType "swiss"]
[EventRounds "9"]
[EventCountry "AUT"]
[SourceTitle "EXT 2002"]
[Source "ChessBase"]
[SourceDate "2001.11.25"]
[SourceVersion "1"]
[SourceVersionDate "2001.11.25"]
[SourceQuality "1"]

1. e4 e5 2. Nf3 Nc6 3. Nc3 Bc5 4. Nxe5 Nxe5 5. d4 Bd6 6. dxe5 Bxe5 7. Bc4 Nf6 8. 0-0 0-0 9. Qd3 c6 10. f4 Bxc3 11. bxc3 Nxe4 12. f5 d5 13. Bb3 Qf6 14. Ba3 Re8 15. c4 Bxf5 16. cxd5 cxd5 17. Bxd5 Qb6+ 18. Kh1 Nf2+ 19. Rxf2 Bxd3 0-1

[Event "Feffernitz Raika op 08th"]
[Site "Feffernitz"]
[Date "1999.08.21"]
[Round "8.14"]
[White "Staberhofer, Rainer"]
[Black "Kainrath, Florian"]
[Result "0-1"]
[WhiteElo "1833"]
[BlackElo "2080"]
[PlyCount "48"]
[EventDate "1999.08.??"]
[EventType "swiss"]
[EventRounds "9"]
[EventCountry "AUT"]
[SourceTitle "EXT 2004"]
[Source "ChessBase"]
[SourceDate "2003.11.25"]
[SourceVersion "1"]
[SourceVersionDate "2003.11.25"]
[SourceQuality "1"]

1. e4 c5 2. Nf3 Nc6 3. d4 cxd4 4. Nxd4 Nf6 5. Nc3 e5 6. Ndb5 d6 7. Nd5 Nxd5 8. exd5 Nb8 9. c4 Be7 10. Bd3 a6 11. Nc3 0-0 12. Qh5 f5 13. Bd2 e4 14. Nxe4 g6 15. Qh6 fxe4 16. Bxe4 Bf5 17. Bf3 Bf6 18. 0-0 Nd7 19. Rae1 Ne5 20. Be4 Ng4 21. Qf4 Be5 22. Qf3 Bxh2+ 23. Kh1 Qh4 24. Bxf5 Bg3+ 0-1